Diocesis de Colombia - Estadísticas

Estadísticas generales
  • Esta prueba ha sido intentada 53 veces
  • La puntuación promedio es 40 de 77
Estadísticas de respuestas
Respuestas % Correcto
Arquidiócesis de Bogotá
95%
Arquidiócesis de Medellín
92%
Arquidiócesis de Cali
90%
Arquidiócesis de Barranquilla
85%
Arquidiócesis de Cartagena
85%
Diócesis de Santa Marta
85%
Vicariato de Leticia
85%
Arquidiócesis de Manizales
77%
Diócesis de Quibdó
77%
Arquidiócesis de Bucaramanga
74%
Arquidiócesis de Popayán
74%
Diócesis de Cúcuta
74%
Arquidiócesis de Ibagué
72%
Diócesis de Armenia
72%
Diócesis de Pereira
72%
Diócesis de Valledupar
72%
Arquidiócesis de Florencia
69%
Arquidiócesis de Villavicencio
69%
Diócesis de Mocoa-Sibundoy
69%
Diócesis de Montería
69%
Diócesis de Pasto
69%
Diócesis de Riohacha
69%
Arquidiócesis de Tunja
67%
Diócesis de Istmina-Tadó
67%
Diócesis de Sincelejo
67%
Diócesis de Yopal
67%
Diócesis de Apartadó
64%
Diócesis de Arauca
64%
Diócesis de Neiva
62%
Vicariato de Puerto Carreño
62%
Diócesis de Buenaventura
59%
Diócesis de Soacha
59%
Vicariato de Inírida
59%
Diócesis de Buga
56%
Diócesis de Cartago
56%
Diócesis de San José del Guaviare
56%
Diócesis de Santa Rosa de Osos
54%
Diócesis de Sonsón-Rionegro
54%
Vicariato de Mitú
54%
Diócesis de Barrancabermeja
51%
Diócesis de el Líbano-Honda
51%
Diócesis de Girardot
51%
Diócesis de Ipiales
51%
Vicariato de San Andrés y Providencia
51%
Diócesis de la Dorada-Guaduas
49%
Diócesis de Zipaquirá
46%
Arquidiócesis de Santa Fe de Antioquia
44%
Diócesis de Chiquinquirá
44%
Diócesis de Duitama-Sogamoso
38%
Arquidiócesis de Nueva Pamplona
36%
Diócesis de Facatativá
36%
Diócesis de Jericó
36%
Diócesis de Ocaña
36%
Diócesis de Tumaco
36%
Diócesis de San Vicente del Caguán
33%
Diócesis de Socorro-San Gil
33%
Diócesis de Tibú
33%
Diócesis de Caldas
31%
Diócesis de el Banco
31%
Diócesis de el Espinal
31%
Diócesis de Engativá
31%
Diócesis de Fontibón
31%
Diócesis de Girardota
31%
Vicariato de Puerto Leguízamo-Solano
31%
Diócesis de Granada
28%
Diócesis de Magangué
28%
Diócesis de Palmira
28%
Vicariato de Tierradentro
28%
Diócesis de Garzón
26%
Diócesis de Montelíbano
26%
Diócesis de Garagoa
23%
Diócesis de Málaga-Soatá
23%
Diócesis de Vélez
23%
Vicariato de Guapi
23%
Vicariato de Trinidad
23%
Obispado Castrense de Colombia
21%
Vicariato de Puerto Gaitán
21%
No se encontraron pruebas coincidentes
Distribución de puntuación
Porcentaje de gente con cada puntuación
Porcentaje por número respondido
Historial de tus puntuaciones
No has intentado esta prueba.